[Event "FareClub"]
[Site "?"]
[Date "1973.??.??"]
[Round "?"]
[White "Brameld, Arthur F"]
[Black "Pratten, Wilf"]
[Result "1/2-1/2"]
[WhiteElo "1900"]
[BlackElo "2000"]
[PlyCount "52"]
[EventDate "1973.??.??"]
[EventType "match"]
[EventRounds "2"]

1. e4 c5 2. Nf3 Nc6 3. d4 cxd4 4. Nxd4 g6 5. Nc3 Bg7 6. Be3 d6 7. Bc4 Nf6 8. Bb3 O-O 9. O-O Ng4 10. Nxc6 bxc6 11. Bg5 h6 12. Bh4 g5 13. Bg3 h5 14. h4 gxh4 15. Bxh4 Be5 16. Qd2 Bf6 17. Bxf6 Nxf6 18. Rfe1 Bg4 19. Qh6 Qa5 20. e5 dxe5 21. Nd5 cxd5 22. Rxe5 Nh7 23. Bxd5 Qc7 24. Rae1 Qd6 25. Rg5+ Nxg5 26. Qxg5+ Kh7 1/2-1/2

[Event "FareCh"]
[Site "?"]
[Date "1973.??.??"]
[Round "?"]
[White "Charvill, John"]
[Black "Brameld, Arthur F"]
[Result "0-1"]
[WhiteElo "1790"]
[BlackElo "2000"]
[PlyCount "75"]
[EventDate "1973.??.??"]
[EventType "simul"]
[EventRounds "6"]

1. e4 Nf6 2. e5 Nd5 3. c4 Nb6 4. d4 d6 5. f4 dxe5 6. fxe5 Bf5 7. Nf3 e6 8. c5 Nd5 9. a3 a5 10. Bd3 Bg4 11. O-O Be7 12. Qc2 Nc6 13. Bb5 O-O 14. Bxc6 bxc6 15. Qa4 Qd7 16. Nc3 f6 17. Nxd5 Qxd5 18. Be3 Bxf3 19. Rxf3 fxe5 20. Raf1 Rxf3 21. Rxf3 exd4 22. Qxd4 Qxd4 23. Bxd4 Rd8 24. Be3 Rd3 25. Kf2 Bf6 26. Ke2 Rb3 27. Bc1 Rb5 28. b4 axb4 29. axb4 Rxb4 30. Ra3 Bd4 31. Be3 Rb2+ 32. Kf3 Bxe3 33. Rxe3 Kf7 34. Rd3 Rc2 35. g4 Rxc5 36. Rd7+ Kf6 37. h4 h6 38. Rxc7 0-1

[Event "Ports Lge"]
[Site "?"]
[Date "1973.??.??"]
[Round "?"]
[White "Carter, Anthony FC"]
[Black "Brameld, Arthur F"]
[Result "1/2-1/2"]
[WhiteElo "2045"]
[BlackElo "2000"]
[PlyCount "48"]
[EventDate "1973.??.??"]
[EventType "swiss"]

1. e4 Nf6 2. e5 Nd5 3. d4 d6 4. exd6 exd6 5. c4 Nb6 6. Bd3 Be7 7. Nc3 Nc6 8. Nge2 Bf6 9. Be3 O-O 10. a3 d5 11. cxd5 Nxd5 12. Nxd5 Qxd5 13. O-O Bg4 14. f3 Bf5 15. Bxf5 Qxf5 16. Qb3 Rfe8 17. Rfe1 Qe6 18. Qxe6 Rxe6 19. Bf2 Rd8 20. Rad1 Red6 21. Rd2 g6 22. Red1 R6d7 23. Kf1 a6 24. b4 Bg7 1/2-1/2

[Event "Ports Lge"]
[Site "?"]
[Date "1973.??.??"]
[Round "?"]
[White "Brameld, Arthur F"]
[Black "Le Fevre, A."]
[Result "1/2-1/2"]
[WhiteElo "2000"]
[BlackElo "1870"]
[PlyCount "59"]
[EventDate "1973.??.??"]
[EventType "swiss"]

1. e4 c5 2. Nf3 Nc6 3. d4 cxd4 4. Nxd4 Nf6 5. Nc3 d6 6. Be2 e5 7. Nb3 Be7 8. O-O Be6 9. f4 O-O 10. f5 Bxb3 11. axb3 Nb4 12. Bg5 Qc7 13. Qd2 a6 14. Rac1 Rfd8 15. Bc4 d5 16. Bxd5 Nfxd5 17. exd5 Nxd5 18. Bxe7 Qxe7 19. Nxd5 Qc5+ 20. Qe3 Rxd5 21. Qxc5 Rxc5 22. c4 b5 23. Rfd1 Rac8 24. Rd6 R5c6 25. Rcd1 Kf8 26. Rxc6 Rxc6 27. cxb5 axb5 28. Rd5 Rc1+ 29. Kf2 Rc2+ 30. Kg3 1/2-1/2

[Event "Ports Jamb"]
[Site "?"]
[Date "1973.??.??"]
[Round "?"]
[White "Mitas, Nick"]
[Black "Brameld, Arthur F"]
[Result "0-1"]
[WhiteElo "2705"]
[BlackElo "2000"]
[PlyCount "67"]
[EventDate "1973.??.??"]
[EventType "game"]

1. c4 e5 2. Nc3 d6 3. g3 f5 4. Bg2 Nf6 5. d3 g6 6. Bg5 Bg7 7. Nf3 O-O 8. O-O c6 9. Qd2 a5 10. Rac1 Nbd7 11. d4 e4 12. Ne1 a4 13. Nc2 Qa5 14. f3 exf3 15. Bxf3 Qb6 16. Bf4 Ne5 17. Bxe5 dxe5 18. c5 Qa5 19. b4 axb3 20. axb3 Be6 21. b4 Qc7 22. b5 e4 23. b6 Qd7 24. Bg2 Ng4 25. e3 Bc4 26. Ne2 Bh6 27. h3 Nxe3 28. Nxe3 Ra2 29. Qc3 Bxe2 30. Rfe1 Bxe3+ 31. Qxe3 Bd3 32. Ra1 Rfa8 33. Rxa2 Rxa2 34. Bf1 0-1

[Event "Ports Lge"]
[Site "?"]
[Date "1973.??.??"]
[Round "?"]
[White "Brameld, Arthur F"]
[Black "Lee, Peter J"]
[Result "0-1"]
[WhiteElo "2000"]
[BlackElo "2030"]
[PlyCount "60"]
[EventDate "1973.??.??"]
[EventType "swiss"]

1. e4 c5 2. Nf3 e6 3. d4 cxd4 4. Nxd4 Nc6 5. Nc3 d6 6. Bc4 Nf6 7. Be3 a6 8. O-O Qc7 9. Bb3 Be7 10. f4 Na5 11. Qe2 b5 12. f5 e5 13. Nd5 Nxd5 14. Bxd5 exd4 15. Bxd4 Bb7 16. Bxf7+ Kxf7 17. Qh5+ Kg8 18. f6 Bxf6 19. Rxf6 gxf6 20. Rf1 Rf8 21. Qg4+ Qg7 22. Qe6+ Qf7 23. Qg4+ Qg6 24. Qe6+ Kg7 25. Rf3 Nc6 26. Bc3 b4 27. Rg3 Qxg3 28. hxg3 bxc3 29. Qg4+ Kf7 30. Qd7+ Ne7 0-1

[Event "Ports Lge"]
[Site "?"]
[Date "1973.??.??"]
[Round "?"]
[White "Lambert, Glen"]
[Black "Brameld, Arthur F"]
[Result "1/2-1/2"]
[WhiteElo "2045"]
[BlackElo "2000"]
[PlyCount "42"]
[EventDate "1973.??.??"]
[EventType "swiss"]

1. d4 Nf6 2. Nf3 g6 3. g3 Bg7 4. Bg2 O-O 5. O-O d6 6. c4 c5 7. Nc3 cxd4 8. Nxd4 a6 9. b3 Qc7 10. Bb2 Nc6 11. Rc1 Nxd4 12. Qxd4 Be6 13. Qd2 Rfc8 14. Nd5 Bxd5 15. cxd5 Qd7 16. h3 h5 17. Kh2 Qf5 18. Bxf6 Qxf6 19. Rc2 b5 20. e3 Rc3 21. Rxc3 Qxc3 1/2-1/2

[Event "Ports Lge"]
[Site "?"]
[Date "1973.??.??"]
[Round "?"]
[White "Brameld, Arthur F"]
[Black "Stenhouse, Ian"]
[Result "1-0"]
[WhiteElo "2000"]
[BlackElo "1935"]
[PlyCount "51"]
[EventDate "1973.??.??"]
[EventType "swiss"]

1. e4 Nf6 2. e5 Nd5 3. d4 d6 4. Nf3 Bg4 5. Be2 e6 6. O-O Be7 7. c4 Nb6 8. exd6 cxd6 9. b3 O-O 10. Be3 Nc6 11. Nc3 Bf6 12. Rc1 d5 13. c5 Nc8 14. a3 N8e7 15. b4 Nf5 16. Ne1 Bxe2 17. Nxe2 e5 18. dxe5 Nxe3 19. fxe3 Nxe5 20. Nf4 Ng6 21. Nxd5 Bb2 22. Rc2 Bxa3 23. Rd2 Qg5 24. Nf3 Qh5 25. Qb3 Rad8 26. Rfd1 1-0

[Event "FareCh"]
[Site "?"]
[Date "1974.??.??"]
[Round "?"]
[White "Goddard, David C"]
[Black "Brameld, Arthur F"]
[Result "1/2-1/2"]
[WhiteElo "2825"]
[BlackElo "2000"]
[PlyCount "44"]
[EventDate "1974.??.??"]
[EventType "swiss"]

1. e4 c5 2. Nf3 a6 3. d4 cxd4 4. Nxd4 Nf6 5. Nc3 e5 6. Nb3 Bb4 7. Bd3 Bxc3+ 8. bxc3 O-O 9. O-O d5 10. Bg5 dxe4 11. Bxf6 Qxf6 12. Bxe4 Nc6 13. Qe2 Qe7 14. Rfe1 Re8 15. Rad1 f5 16. Bd5+ Kh8 17. Bxc6 bxc6 18. Qxe5 Qxe5 19. Rxe5 Be6 20. Rde1 Bf7 21. Rxe8+ Rxe8 22. Rxe8+ Bxe8 1/2-1/2

[Event "Ports Lge"]
[Site "?"]
[Date "1974.??.??"]
[Round "?"]
[White "Lee, Peter J"]
[Black "Brameld, Arthur F"]
[Result "0-1"]
[WhiteElo "2030"]
[BlackElo "2000"]
[PlyCount "60"]
[EventDate "1974.??.??"]
[EventType "swiss"]

1. Nf3 f5 2. g3 g6 3. Bg2 Bg7 4. d4 d5 5. c4 e6 6. O-O c6 7. Bg5 Nf6 8. Qc1 O-O 9. b3 Nbd7 10. Ne5 Qa5 11. Nxd7 Bxd7 12. Nc3 Ne4 13. Nxe4 fxe4 14. Bh6 Bxd4 15. Bxf8 Bxa1 16. Bd6 Bg7 17. Bh3 Rc8 18. Qg5 Qd8 19. Qe3 Ra8 20. f3 e5 21. Bg2 Be6 22. Qc5 exf3 23. Bxf3 Qb6 24. cxd5 cxd5 25. Rd1 Qxc5+ 26. Bxc5 e4 27. Bg2 b6 28. Be3 Rc8 29. Rd2 Rc3 30. Bf4 Kf7 0-1

[Event "FareClub"]
[Site "?"]
[Date "1974.??.??"]
[Round "?"]
[White "Pratten, Wilf"]
[Black "Brameld, Arthur F"]
[Result "1/2-1/2"]
[WhiteElo "1900"]
[BlackElo "2000"]
[PlyCount "61"]
[EventDate "1974.??.??"]
[EventType "game"]

1. d4 Nf6 2. Nf3 c5 3. d5 d6 4. Nc3 g6 5. e4 Bg7 6. Be2 O-O 7. Bg5 Bg4 8. Bxf6 Bxf6 9. h3 Bxf3 10. Bxf3 Qb6 11. Rb1 Nd7 12. O-O Qa5 13. Be2 Rab8 14. a4 a6 15. Qd3 Bxc3 16. bxc3 Nf6 17. Qc4 b5 18. axb5 axb5 19. Qd3 b4 20. Ra1 Qc7 21. Ra6 bxc3 22. Rfa1 Rb7 23. f3 Rfb8 24. Rc6 Qd7 25. Kf2 e6 26. Raa6 Nh5 27. dxe6 Qxe6 28. Rxd6 Qe5 29. Qd5 Qg3+ 30. Ke3 Qf4+ 31. Kf2 1/2-1/2

[Event "Ports Lge"]
[Site "?"]
[Date "1974.??.??"]
[Round "?"]
[White "Brameld, Arthur F"]
[Black "Carter, Anthony FC"]
[Result "1/2-1/2"]
[WhiteElo "2000"]
[BlackElo "2045"]
[PlyCount "56"]
[EventDate "1974.??.??"]
[EventType "swiss"]

1. e4 c5 2. Nf3 Nc6 3. d4 cxd4 4. Nxd4 g6 5. Nc3 Bg7 6. Be3 Nf6 7. Bc4 Qa5 8. O-O O-O 9. Bb3 d6 10. h3 Bd7 11. f4 Rac8 12. Nde2 b5 13. a3 b4 14. axb4 Qxb4 15. Ra4 Qb8 16. g4 Rc7 17. Ng3 Nd8 18. f5 Bxa4 19. Nxa4 Nc6 20. g5 Nd7 21. Nh5 Rb7 22. Nxg7 Kxg7 23. Qd5 Kg8 24. Qxc6 Ne5 25. Qd5 Rb5 26. Qd4 Rb4 27. Qd5 Rb5 28. Qd4 Rb4 1/2-1/2

[Event "FareCh"]
[Site "?"]
[Date "1974.??.??"]
[Round "?"]
[White "Brameld, Arthur F"]
[Black "Mincham, Dave"]
[Result "1-0"]
[WhiteElo "2000"]
[BlackElo "1725"]
[PlyCount "107"]
[EventDate "1974.??.??"]
[EventType "swiss"]

1. e4 e5 2. Nf3 Nc6 3. d4 exd4 4. c3 dxc3 5. Bc4 Nge7 6. Nxc3 d6 7. Qb3 Be6 8. Bxe6 fxe6 9. Qxe6 h6 10. Be3 Qd7 11. Qb3 b6 12. O-O-O O-O-O 13. Kb1 g5 14. Nd5 Bg7 15. Rc1 Rhe8 16. Rhd1 Kb8 17. Rc2 Rc8 18. h3 Na5 19. Qa3 c5 20. Qd3 Nec6 21. Rcd2 Ne5 22. Nxe5 Bxe5 23. Qa6 Rc6 24. Rd3 Bg7 25. f3 Qe6 26. Bd2 c4 27. Ra3 Rec8 28. Bxa5 bxa5 29. Qxa5 Qd7 30. Rc1 Qb7 31. Rc2 Rc5 32. Qd2 Rb5 33. Nc3 Rb4 34. Qxd6+ Ka8 35. Qd5 Rb8 36. Qxb7+ R8xb7 37. Rd2 Bf6 38. Kc1 Kb8 39. Nd1 R7b6 40. Rc2 Be5 41. Ra5 Bf4+ 42. Kb1 Kb7 43. Rc5 Rd6 44. Nc3 Be3 45. Rd5 Kc6 46. Rxd6+ Kxd6 47. Nd5 Rxb2+ 48. Rxb2 Bd4 49. Rd2 Ke5 50. Rxd4 Kxd4 51. Kc2 a5 52. Ne7 Ke3 53. Nf5+ Kf2 54. e5 1-0

[Event "Ports Lge"]
[Site "?"]
[Date "1974.??.??"]
[Round "?"]
[White "Coles, John"]
[Black "Brameld, Arthur F"]
[Result "0-1"]
[WhiteElo "1885"]
[BlackElo "2000"]
[PlyCount "52"]
[EventDate "1974.??.??"]
[EventType "swiss"]

1. e4 Nf6 2. e5 Nd5 3. Nc3 Nxc3 4. bxc3 d5 5. d4 c5 6. f4 Nc6 7. Nf3 Bg4 8. Be2 e6 9. O-O Be7 10. Be3 O-O 11. h3 Bh5 12. g4 Bg6 13. Nd2 cxd4 14. cxd4 f5 15. c4 dxc4 16. Nxc4 Qd5 17. Nb2 fxg4 18. Bc4 Qe4 19. Bxe6+ Kh8 20. Re1 Bh4 21. Re2 Rxf4 22. Bxf4 Qxf4 23. Bxg4 Nxd4 24. Rd2 Qe3+ 25. Kh1 Be4+ 26. Rg2 Rf8 0-1

[Event "FareCh"]
[Site "?"]
[Date "1974.??.??"]
[Round "?"]
[White "Brameld, Arthur F"]
[Black "Silber, Warwick"]
[Result "1/2-1/2"]
[WhiteElo "2000"]
[BlackElo "1845"]
[PlyCount "26"]
[EventDate "1974.??.??"]
[EventType "swiss"]

1. e4 e6 2. d4 d5 3. e5 c5 4. c3 Qb6 5. Bd3 Bd7 6. dxc5 Bxc5 7. Qe2 Nc6 8. Nf3 a5 9. a4 Nge7 10. Bf4 Rc8 11. Na3 Bxa3 12. Rxa3 d4 13. O-O Nd5 1/2-1/2

[Event "Ports Lge"]
[Site "?"]
[Date "1974.??.??"]
[Round "?"]
[White "Brameld, Arthur F"]
[Black "Brown, M."]
[Result "1/2-1/2"]
[WhiteElo "2000"]
[BlackElo "2055"]
[PlyCount "35"]
[EventDate "1974.??.??"]
[EventType "swiss"]

1. e4 c5 2. Nf3 d6 3. d4 cxd4 4. Qxd4 Nc6 5. Bb5 Bd7 6. Bxc6 Bxc6 7. Nc3 Nf6 8. Bg5 e6 9. O-O-O Be7 10. Rhe1 O-O 11. e5 dxe5 12. Qh4 Qc7 13. Nxe5 Rfd8 14. Ng4 Rxd1+ 15. Rxd1 Nxg4 16. Bxe7 Ne5 17. Bd6 Ng6 18. Qg3 1/2-1/2

[Event "Ports Lge"]
[Site "?"]
[Date "1974.??.??"]
[Round "?"]
[White "Brameld, Arthur F"]
[Black "Lambert, Glen"]
[Result "1-0"]
[WhiteElo "2000"]
[BlackElo "2045"]
[PlyCount "37"]
[EventDate "1974.??.??"]
[EventType "swiss"]

1. e4 d6 2. d4 g6 3. Nc3 Bg7 4. f4 Nf6 5. Nf3 O-O 6. Bd3 Nc6 7. O-O Bg4 8. e5 dxe5 9. dxe5 Nd5 10. h3 Nxc3 11. bxc3 Bc8 12. Be3 b6 13. Qe1 Bb7 14. Rd1 Qc8 15. Qh4 f6 16. f5 Qe8 17. fxg6 hxg6 18. Bc4+ e6 19. exf6 1-0

[Event "Ports Lge"]
[Site "?"]
[Date "1974.??.??"]
[Round "?"]
[White "Southwell, Mark"]
[Black "Brameld, Arthur F"]
[Result "1-0"]
[WhiteElo "1685"]
[BlackElo "2000"]
[PlyCount "55"]
[EventDate "1974.??.??"]
[EventType "swiss"]

1. e4 Nf6 2. Nc3 d5 3. exd5 Nxd5 4. Nf3 c6 5. Bc4 Bg4 6. O-O e6 7. d4 Nxc3 8. bxc3 Bd6 9. Re1 Qf6 10. Be2 h5 11. Rb1 b6 12. d5 cxd5 13. Bb5+ Kd8 14. Bg5 Qxg5 15. Nxg5 Bxd1 16. Nxf7+ Ke7 17. Nxh8 Bxc2 18. Rb2 Bf5 19. Rbe2 a6 20. Ba4 b5 21. Bb3 Kf6 22. Bc2 Be4 23. f3 Bc5+ 24. Kh1 Bf5 25. Bxf5 exf5 26. Re6+ Kg5 27. g3 h4 28. Rg6+ 1-0

[Event "Corresp."]
[Site "?"]
[Date "1974.??.??"]
[Round "?"]
[White "Johnson, Maurice W"]
[Black "Brameld, Arthur F"]
[Result "1-0"]
[WhiteElo "2020"]
[BlackElo "2000"]
[PlyCount "85"]
[EventDate "1974.??.??"]
[EventType "match"]
[EventRounds "2"]

1. d4 Nf6 2. c4 c5 3. d5 b5 4. cxb5 a6 5. bxa6 Bxa6 6. Nc3 d6 7. e4 Bxf1 8. Kxf1 g6 9. Nge2 Bg7 10. Nf4 Qb6 11. g4 h5 12. g5 Ng4 13. Qe2 Nd7 14. Ng2 Bd4 15. Nd1 c4 16. f4 f6 17. h3 Nge5 18. fxe5 O-O 19. Nge3 fxg5+ 20. Kg2 Nxe5 21. Nxc4 Nxc4 22. Qxc4 Rac8 23. Qe2 Qb5 24. Re1 Qa4 25. Rf1 Rc2 26. Rxf8+ Kxf8 27. Bd2 Ba7 28. Rc1 Qd4 29. Qf1+ Ke8 30. Rxc2 Qxe4+ 31. Qf3 Qxc2 32. Qe2 Qc5 33. Be3 Qxd5+ 34. Qf3 Qxa2 35. Qa8+ Kf7 36. Bxa7 g4 37. hxg4 hxg4 38. Qb7 g3 39. Nc3 Qa1 40. Nd5 Ke6 41. Nf4+ Kf6 42. Bd4+ e5 43. Bc3 1-0

[Event "Corresp."]
[Site "?"]
[Date "1974.??.??"]
[Round "?"]
[White "Brameld, Arthur F"]
[Black "Johnson, Maurice W"]
[Result "1/2-1/2"]
[WhiteElo "2000"]
[BlackElo "2020"]
[PlyCount "102"]
[EventDate "1974.??.??"]
[EventType "match"]
[EventRounds "2"]

1. e4 e5 2. Nf3 Nc6 3. d4 exd4 4. c3 dxc3 5. Bc4 Nf6 6. Nxc3 Bb4 7. e5 d5 8. exf6 dxc4 9. Qe2+ Be6 10. fxg7 Rg8 11. Bg5 Nd4 12. Bxd8 Nxe2 13. Bf6 Nxc3 14. bxc3 Be7 15. Be5 c5 16. O-O-O f6 17. Bd6 Rxg7 18. Rhe1 Kf7 19. Bxe7 Kxe7 20. Rd2 Kf7 21. Rd6 Re8 22. g3 Re7 23. Nd2 Bg4 24. Re4 b6 25. Rxc4 Re1+ 26. Kb2 Re2 27. Ra4 Ke7 28. Rd3 Ke6 29. Re4+ Rxe4 30. Nxe4 Bf5 31. Re3 Bxe4 32. Rxe4+ Kd5 33. f3 f5 34. Rh4 b5 35. Kb3 Re7 36. Rh5 Ke5 37. g4 Rf7 38. c4 a6 39. a4 b4 40. a5 h6 41. Rxh6 fxg4 42. Rh5+ Rf5 43. f4+ Kxf4 44. Rh6 Ke4 45. Rxa6 Rf3+ 46. Ka4 Kd4 47. Rg6 Ra3+ 48. Kb5 b3 49. Rxg4+ Kc3 50. Rg3+ Kd4 51. Rg4+ Kc3 1/2-1/2

[Event "FareCh"]
[Site "?"]
[Date "1974.??.??"]
[Round "?"]
[White "De Buriatte, Tim"]
[Black "Brameld, Arthur F"]
[Result "0-1"]
[WhiteElo "1735"]
[BlackElo "2000"]
[PlyCount "84"]
[EventDate "1974.??.??"]
[EventType "swiss"]

1. Nf3 g6 2. d4 Bg7 3. c4 Nf6 4. Nc3 d5 5. cxd5 Nxd5 6. Nxd5 Qxd5 7. e3 c5 8. Bb5+ Bd7 9. Bxd7+ Nxd7 10. O-O cxd4 11. Nxd4 O-O 12. Qf3 Qxf3 13. Nxf3 Rfd8 14. Rb1 Rac8 15. b3 Nc5 16. Bb2 Ne4 17. Bxg7 Kxg7 18. Rb2 Rc3 19. g3 a6 20. a4 Nc5 21. Rfb1 Rc8 22. Nd2 Nd3 23. Ra2 Rc2 24. Rxc2 Rxc2 25. Nf3 Nxf2 26. Ne1 Ra2 27. Rc1 Rb2 28. Rc2 Rxc2 29. Nxc2 Nd3 30. b4 Nb2 31. a5 f5 32. Kf2 e5 33. e4 Nd1+ 34. Ke2 Nc3+ 35. Kd3 Nxe4 36. Kc4 f4 37. gxf4 exf4 38. Kd4 Nd2 39. Kc5 f3 40. Kb6 f2 41. Ne3 Nc4+ 42. Nxc4 f1=Q 0-1

[Event "Simul"]
[Site "?"]
[Date "1974.??.??"]
[Round "?"]
[White "Keene, Raymond"]
[Black "Brameld, Arthur F"]
[Result "1-0"]
[WhiteElo "2445"]
[BlackElo "2000"]
[PlyCount "65"]
[EventDate "1974.??.??"]
[EventType "game"]

1. e4 Nf6 2. Nc3 d5 3. e5 d4 4. exf6 dxc3 5. fxg7 cxd2+ 6. Qxd2 Qxd2+ 7. Bxd2 Bxg7 8. O-O-O Bf5 9. Ne2 Nc6 10. Bc3 O-O 11. Bxg7 Kxg7 12. Ng3 Bg6 13. h4 Nb4 14. a3 Bxc2 15. Rd2 Bb3 16. axb4 a5 17. b5 c5 18. Nf5+ Kh8 19. Bd3 c4 20. Be4 a4 21. Bxb7 a3 22. bxa3 c3 23. Bxa8 cxd2+ 24. Kxd2 Rxa8 25. Ra1 Ra5 26. Nd4 Bd5 27. a4 Bxg2 28. Kc3 e5 29. Nb3 Ra8 30. a5 Rc8+ 31. Kb4 Bd5 32. Nc5 f5 33. b6 1-0

[Event "Social"]
[Site "?"]
[Date "1974.??.??"]
[Round "?"]
[White "Brameld, Arthur F"]
[Black "Dean, Stuart"]
[Result "1/2-1/2"]
[WhiteElo "2000"]
[BlackElo "1960"]
[PlyCount "84"]
[EventDate "1974.??.??"]
[EventType "simul"]
[EventRounds "2"]

1. e4 e5 2. Nf3 Nf6 3. d4 exd4 4. e5 Ne4 5. Qxd4 d5 6. exd6 Nxd6 7. Bd3 Nc6 8. Qf4 h6 9. O-O g5 10. Re1+ Be6 11. Qg4 Qd7 12. Nd4 O-O-O 13. Nxe6 Re8 14. Bd2 Rxe6 15. Rxe6 Qxe6 16. Qxe6+ fxe6 17. Bc3 e5 18. Nd2 Bg7 19. Re1 Re8 20. Ne4 Kd8 21. Ng3 Nd4 22. Kf1 c5 23. Ne4 Nxe4 24. Rxe4 a6 25. h4 b5 26. b3 Rf8 27. hxg5 hxg5 28. Bd2 Bf6 29. c3 Ne6 30. g3 Ke7 31. Be3 Rd8 32. Ke2 Kd6 33. Rg4 Rg8 34. a4 Nc7 35. f4 Nd5 36. axb5 axb5 37. fxg5 Nxe3 38. Kxe3 Rxg5 39. Rxg5 Bxg5+ 40. Ke4 b4 41. cxb4 cxb4 42. Bc4 Bf6 1/2-1/2

[Event "FareCh"]
[Site "?"]
[Date "1974.??.??"]
[Round "?"]
[White "Brameld, Arthur F"]
[Black "Cole, Mike"]
[Result "1-0"]
[WhiteElo "2000"]
[BlackElo "2875"]
[PlyCount "101"]
[EventDate "1974.??.??"]
[EventType "swiss"]

1. e4 c5 2. Nf3 e6 3. d4 b6 4. d5 d6 5. dxe6 Bxe6 6. Bb5+ Bd7 7. Bc4 Be6 8. Bd5 Bxd5 9. Qxd5 Nd7 10. Ng5 Nh6 11. Nc3 Be7 12. Bf4 Nf6 13. Qd2 Nh5 14. h4 Nxf4 15. Qxf4 Bxg5 16. hxg5 Ng8 17. O-O-O Ne7 18. Rxd6 Qc7 19. Nd5 Nxd5 20. exd5 Qe7 21. Kd1 O-O 22. Qh2 Qe4 23. Qh4 Qxh4 24. Rxh4 Rad8 25. Rxd8 Rxd8 26. c4 a6 27. Rh3 b5 28. b3 Rd6 29. Re3 Kf8 30. g3 g6 31. Kc2 b4 32. Kd3 f5 33. gxf6 Rxf6 34. f4 a5 35. Re5 Kf7 36. Ke4 a4 37. bxa4 Ra6 38. d6 Rxd6 39. Rxc5 Ra6 40. a5 Ke6 41. Rb5 Kd7 42. c5 h6 43. Kd5 g5 44. fxg5 hxg5 45. Kc4 Rf6 46. Rxb4 Rf2 47. Kb5 Rxa2 48. Kb6 Ra3 49. g4 Kc8 50. c6 Kb8 51. a6 1-0

[Event "Friendly"]
[Site "?"]
[Date "1974.??.??"]
[Round "?"]
[White "Carter, Roy"]
[Black "Brameld, Arthur F"]
[Result "0-1"]
[WhiteElo "1935"]
[BlackElo "2000"]
[PlyCount "80"]
[EventDate "1974.??.??"]
[EventType "game"]

1. e4 Nf6 2. e5 Nd5 3. d4 d6 4. exd6 cxd6 5. Nf3 g6 6. Bc4 Nb6 7. Bb5+ N8d7 8. O-O a6 9. Bd3 Nf6 10. c4 Bg4 11. Nc3 Rc8 12. Bf4 Bg7 13. b3 O-O 14. Re1 Nfd7 15. Be4 e5 16. dxe5 dxe5 17. Be3 Nc5 18. Bxc5 Rxc5 19. h3 Bxf3 20. Qxf3 Rc7 21. Bxb7 f5 22. Bd5+ Kh8 23. Rad1 Qh4 24. Qe3 Nxd5 25. Nxd5 Rcf7 26. f4 e4 27. c5 Rc8 28. Nb6 Re8 29. b4 Bh6 30. Qd4+ Kg8 31. Nd5 Bxf4 32. Nxf4 Qxf4 33. a4 Qg3 34. Qd6 f4 35. c6 e3 36. c7 Qf2+ 37. Kh2 f3 38. Qg3 Qxg3+ 39. Kxg3 f2 40. Rxe3 Rxe3+ 0-1

[Event "Social"]
[Site "?"]
[Date "1974.??.??"]
[Round "?"]
[White "Brameld, Arthur F"]
[Black "Southwell, Mark"]
[Result "1-0"]
[WhiteElo "2045"]
[BlackElo "1735"]
[PlyCount "44"]
[EventDate "1974.??.??"]
[EventType "simul"]
[EventRounds "2"]

1. e4 d5 2. exd5 Nf6 3. d4 Nxd5 4. c4 Nf6 5. Nc3 Bf5 6. Nf3 e6 7. Bd3 Bxd3 8. Qxd3 Nbd7 9. Bg5 Be7 10. O-O O-O 11. Rad1 c6 12. Rfe1 Rc8 13. b3 Nb6 14. h3 Re8 15. Ne5 Nfd7 16. Bxe7 Qxe7 17. Qg3 Nxe5 18. dxe5 Red8 19. Ne4 Rxd1 20. Rxd1 Rd8 21. Rxd8+ Qxd8 22. Nd6 Qc7 1-0

[Event "FareCh"]
[Site "?"]
[Date "1974.??.??"]
[Round "?"]
[White "Goldstone, Roger"]
[Black "Brameld, Arthur F"]
[Result "0-1"]
[WhiteElo "2840"]
[BlackElo "2045"]
[PlyCount "80"]
[EventDate "1974.??.??"]
[EventType "swiss"]

1. e4 c5 2. f4 Nc6 3. Nf3 d6 4. h3 e5 5. c3 Be7 6. h4 Nf6 7. d3 Nh5 8. fxe5 Bg4 9. Nbd2 dxe5 10. Qb3 Ng3 11. Ng5 Bxg5 12. hxg5 Nxh1 13. Nc4 O-O 14. d4 exd4 15. cxd4 Re8 16. Bd3 Nxd4 17. Qc3 Nf5 18. Bf4 Nh4 19. Ne3 Ng6 20. Nxg4 Nxf4 21. O-O-O Qxd3 22. Qxd3 Nxd3+ 23. Rxd3 Rxe4 24. Ne3 Nf2 25. Rc3 Rae8 26. Nc2 c4 27. Kb1 Nd3 28. a3 Re1+ 29. Nxe1 Rxe1+ 30. Ka2 Nc1+ 31. Rxc1 Rxc1 32. a4 Rc2 33. Kb1 Rxg2 34. g6 h5 35. Ka2 c3 36. Kb3 cxb2 37. a5 b1=Q+ 38. Kc4 Rg4+ 39. Kd5 Qb2 40. a6 Qd4# 0-1

[Event "Ports Lge"]
[Site "?"]
[Date "1974.??.??"]
[Round "?"]
[White "Crossin, Austin D"]
[Black "Brameld, Arthur F"]
[Result "1/2-1/2"]
[WhiteElo "1820"]
[BlackElo "2045"]
[PlyCount "52"]
[EventDate "1974.??.??"]
[EventType "swiss"]

1. d4 Nf6 2. Nf3 g6 3. c4 Bg7 4. e3 O-O 5. Be2 c6 6. Nc3 d5 7. O-O dxc4 8. Bxc4 b5 9. Bd3 a6 10. Ne5 Nfd7 11. Nf3 c5 12. Be4 Ra7 13. Qc2 cxd4 14. exd4 Nf6 15. Bf4 Bb7 16. Bxb7 Rxb7 17. Ne4 Qd5 18. Nc5 Ra7 19. Rad1 Nc6 20. a3 Nh5 21. Be3 Rd8 22. Rfe1 e6 23. Ne5 Rc8 24. Qe4 Nf6 25. Qf4 Nh5 26. Qe4 Nf6 1/2-1/2

[Event "Hants Lge"]
[Site "?"]
[Date "1974.??.??"]
[Round "?"]
[White "Fryer, D."]
[Black "Brameld, Arthur F"]
[Result "1/2-1/2"]
[WhiteElo "1830"]
[BlackElo "2045"]
[PlyCount "84"]
[EventDate "1974.??.??"]
[EventType "simul"]
[EventRounds "5"]

1. f4 e5 2. fxe5 d6 3. exd6 Bxd6 4. g3 h5 5. e3 h4 6. Bg2 hxg3 7. h3 c6 8. Nc3 Nf6 9. Qf3 Rh5 10. e4 g5 11. d4 g4 12. Qd3 gxh3 13. Nxh3 Ng4 14. e5 Be7 15. Bf4 Bf5 16. Ne4 Qd7 17. O-O-O Na6 18. Qxg3 O-O-O 19. c3 Rg8 20. Nhg5 Rhxg5 21. Nxg5 Bxg5 22. Bxg5 Qe6 23. d5 Qg6 24. Bf4 Bb1 25. Rd2 Bxa2 26. Rc2 Nc5 27. b4 Nd3+ 28. Kd2 Bc4 29. Bh3 Ndf2 30. Bxg4+ Nxg4 31. dxc6 Qe4 32. cxb7+ Kxb7 33. Re1 Rd8+ 34. Kc1 Qf5 35. Qf3+ Bd5 36. Qf1 Bb3 37. Qb5+ Kc7 38. Qc5+ Kb7 39. Qb5+ Kc7 40. Qa5+ Kc8 41. Qa6+ Kb8 42. Qb5+ Kc7 1/2-1/2

[Event "Ports Lge"]
[Site "?"]
[Date "1974.??.??"]
[Round "?"]
[White "Brameld, Arthur F"]
[Black "Goddard, David C"]
[Result "1-0"]
[WhiteElo "2045"]
[BlackElo "1605"]
[PlyCount "61"]
[EventDate "1974.??.??"]
[EventType "swiss"]

1. e4 Nf6 2. e5 Nd5 3. d4 d6 4. Nf3 g6 5. Bc4 c6 6. O-O Bg4 7. h3 Bxf3 8. Qxf3 dxe5 9. dxe5 e6 10. Bb3 Qe7 11. c4 Nc7 12. Bf4 Nd7 13. Qe3 Bg7 14. Nc3 Qc5 15. Rfe1 Qxe3 16. Rxe3 Nc5 17. Bg5 O-O 18. Rd1 f6 19. exf6 Bxf6 20. Bxf6 Rxf6 21. Re5 Rf5 22. Re2 Re8 23. Ne4 Nxe4 24. Rxe4 Rf7 25. Re5 Rfe7 26. Bc2 Kg7 27. b4 b5 28. Be4 bxc4 29. Bxc6 Rf8 30. Rc5 Rf5 31. Rxc4 1-0

[Event "Hants Lge"]
[Site "?"]
[Date "1974.??.??"]
[Round "?"]
[White "Brameld, Arthur F"]
[Black "Lock, D P"]
[Result "1-0"]
[WhiteElo "2045"]
[BlackElo "1830"]
[PlyCount "59"]
[EventDate "1974.??.??"]
[EventType "simul"]
[EventRounds "5"]

1. e4 c5 2. Nf3 e6 3. d4 cxd4 4. Nxd4 Qc7 5. Nc3 a6 6. Be3 Ba3 7. Na4 Bxb2 8. Nxb2 Qc3+ 9. Qd2 Qxb2 10. Rd1 Nf6 11. f3 O-O 12. Bc4 b5 13. Bb3 Kh8 14. Qb4 Re8 15. Bc1 Nd5 16. exd5 exd5+ 17. Kf2 Nc6 18. Bxb2 Nxb4 19. Nf5 f6 20. Rhe1 Rxe1 21. Rxe1 Bb7 22. Nd6 a5 23. Nxb7 a4 24. a3 axb3 25. axb4 bxc2 26. Re2 h6 27. Rxc2 Ra2 28. Ke3 Ra4 29. Bc3 f5 30. Nd6 1-0